000 00922nam a2200289Ia 4500
999 _c54295
_d54295
001 21351
003 GE_BSU
005 20211029163043.0
008 181216s2014||||inu|||||||||||||| ||eng||
020 _a97811118289426
040 _cGE_BSU
041 _aeng
080 _a004.44 M-37
100 _aMinasi, M.
_912757
245 _aMastering Windows Server 2012 R2 /
_cM. Minasi, K. Greene, Ch. Booth, R.Butler and other ; Editor M. Barsolo.
264 _aIndiana :
_bSybex,
_c2014.
300 _a1670 p. ;
_c24 cm.
541 _h161 Gel.
653 _aMastering Windows Server 2012 R2
653 _aИнформационные технологии
653 _aსაინფორმაციო ტექნოლოგიები
700 _aGreene,K.
_eby
_912758
700 _aBooth, Ch.
_eby
_912759
700 _a Butler, R.
_eby
_912760
700 _aBarsolo, M.
_eEditor
_912761
942 _cBK
_2udc